Documentación
Gardado en:
| Formato: | Texto |
|---|---|
| Publicado: |
Madrid:
M.A.P.A.
|
| Etiquetas: |
Engadir etiqueta
Sen Etiquetas, Sexa o primeiro en etiquetar este rexistro!
|
MARC
| LEADER | 00000 a a2200000 04500 | ||
|---|---|---|---|
| 001 | 29480 | ||
| 003 | |||
| 040 | |||
| 090 | |a 148733 | ||
| 245 | |a Documentación | ||
| 260 | |a Madrid: |b M.A.P.A. | ||
| 300 | |a p. irreg; vol. 3 | ||
| 999 | |c 15278 |d 15278 | ||
